00608nai a2200169Ia 4500003000900000008004100009022002300050022002200073040001600095245006500111260001600176310001400192362002600206521006900232650004400301856009300345IN-BaIIA211028c9999 xx s 000 0 eng d a2196-5420 (Online) a2196-5625 (Print) cIIA Library 0aJournal of Modern Power Systems and Clean Energyh[eJournal] aUSAbSGEPRI aBimonthly a1(1); 2013 - Present  bSubscribed through National Knowledge Resource Consortium (NKRC) aPower, Energy and Industry Applications uhttps://ieeexplore.ieee.org/servlet/opac?punumber=8685265yClick Here to Access eJournal